| 000 -CABECERA |
| fixed length control field |
00694nam a22002177a 4500 |
| 003 - IDENTIFICADOR DEL NÚMERO DE CONTROL |
| control field |
AR-CdUCM |
| 008 - DATOS DE LONGITUD FIJA--INFORMACIÓN GENERAL |
| fixed length control field |
190313b ||||| |||| 00| 0 spa d |
| 040 ## - FUENTE DE LA CATALOGACIÓN |
| Agencia/entidad que catalogó originalmente la obra |
MUNICIPALIDAD PROVINCIAL DEL CUSCO |
| Entidad que transcribió la catalogación |
BIBLIOTECA MUNICIPAL DEL CUSCO |
| 082 ## - NÚMERO DE LA CLASIFICACIÓN DECIMAL DEWEY |
| No. de Clasificación |
779.947 / |
| Notacion interna |
B17 |
| 245 ## - MENCIÓN DE TÍTULO |
| Título |
Moscu / |
| 260 ## - PUBLICACIÓN, DISTRIBUCIÓN, ETC. |
| Lugar de publicación, distribución, etc. |
Moscu : |
| Nombre de la editorial, distribuidor, etc. |
Planeta, |
| Fecha de publicación, distribución, etc. |
1989. |
| 300 ## - DESCRIPCIÓN FÍSICA |
| Nº de Páginas Extensión |
189 páginas ; |
| Otros detalles físicos |
fotografías ; |
| Dimensiones |
35 cm. |
| 650 ## - PUNTO DE ACCESO ADICIONAL DE MATERIA--TÉRMINO DE MATERIA |
| Descriptor |
Moscu-Rusia |
| 9 (RLIN) |
17496 |
| 650 ## - PUNTO DE ACCESO ADICIONAL DE MATERIA--TÉRMINO DE MATERIA |
| Descriptor |
Fotografías |
| 9 (RLIN) |
13109 |
| 700 ## - PUNTO DE ACCESO ADICIONAL--NOMBRE DE PERSONA |
| Nombre Personal |
Balanenko, Yuri (composición) |
| 9 (RLIN) |
17497 |
| 700 ## - PUNTO DE ACCESO ADICIONAL--NOMBRE DE PERSONA |
| Nombre Personal |
Rajmánov, Nikolai (fotografo) |
| 9 (RLIN) |
17498 |
| 700 ## - PUNTO DE ACCESO ADICIONAL--NOMBRE DE PERSONA |
| Nombre Personal |
Bisti, Dmitri (dibujante) |
| 9 (RLIN) |
17499 |
| 700 ## - PUNTO DE ACCESO ADICIONAL--NOMBRE DE PERSONA |
| Nombre Personal |
Kostrítsina, Marina (traductora) |
| 9 (RLIN) |
17500 |
| 942 ## - ELEMENTOS DE PUNTO DE ACCESO ADICIONAL (KOHA) |
| Fuente de clasificación |
|
| Tipo de item |
Libros-BMC |
| 945 ## - PROCESAMIENTO DE INFORMACIÓN LOCAL (OCLC) |
| Catalogador |
zta |